Répliques de Francis Veber - Statistiques

Statistiques générales
  • Ce quiz a été pris 12 fois
  • Le résultat moyen est 5 sur 16
Statistiques - réponses
Hint Réponse % Correct
Alors ça, c'est très tordu mais bougrement intelligent. Le Dîner de cons
67%
Oui, choisissez. Prenez n'importe qui, un homme dans la foule, le plus anonyme possible. Celui que vous allez accueillir n'a aucune importance. C'est un prétexte. Ce qui compte, c'est que Milan morde à l'hameçon. Je peux vous dire précisément ce que vous allez chercher demain à l'aéroport, mon petit Perrache : un piège à cons. Le Grand blond avec une chaussure noire
56%
Moi aussi, j'ai fait un rêve. Tu sortais de prison, tu replongeais, je te coinçais et je passais divisionnaire. Les Fugitifs
44%
Vous savez que pour imprimer ces tracts politiques on abat des arbres ? Et les arbres c’est de la chlorophylle, et la chlorophylle c’est de l’oxygène. Alors pour faire sa campagne, Lardatte, il déboise les nôtres ! Adieu poulet !
33%
Moi aussi, j'ai beaucoup voyagé pendant ces quelques mois de chômage. Je connais bien l'Afrique maintenant. Avec un balai et sans quitter Trincamp, j'ai découvert le Sénégal, le Togo, le Mali, le Tchad. Le nombre de tribus que j'ai pu croiser ! J'en arrivais à me demander ce que foutaient les missionnaires dans la brousse alors qu'il y a tant de boulot dans nos caniveaux. Coup de tête
33%
C'était peut-être la culotte de mon beau-frère. Je ne sais pas, je dormais. La Chèvre
33%
Non, c'est nous qui allons vous payer. La Doublure
33%
Ce n'est pas ce gros tas qui va me donner des leçons de pédagogie. Si tu ne vendais pas tes jeux à la con, ils sortiraient moins le soir, nos enfants. Les Compères
33%
C'est un asile de fous, pas un asile de cons. Il faudrait construire des asiles de cons mais vous imaginez un peu la taille des bâtiments. Tais-toi
33%
Évidemment, c'est moins facile de cambrioler une banque que d'enlever une femme sans défense. Appelez-moi Mathilde
22%
Je leur ai dit que je m'appelais Lopez et que je venais de Tunis. Alors, ils m'ont traité de Pieds-noirs et je leur ai cassé la gueule. Il était une fois un flic
22%
Ce qu'il lui faut c'est un peu de chaleur humaine ... Je m'en occupe. L'Emmerdeur
22%
Notre histoire est une très belle histoire. Et je ne l'ai pas écrite pour qu'elle soit récupérée par un marchand de c*l. On aura tout vu
22%
Je suis journaliste professionnel depuis quinze ans, je pense avoir le sens du titre. Le Jouet
11%
Oh, ce n'est pas le premier con qui m'invite à dîner, vous savez ! Les Séducteurs
11%
Moi, je me prends peut-être pour un cowboy mais au moins, je ne joue pas les backstreets avec mon chef de service. Peur sur la ville
11%
Aucun quiz correspondant
Distribution des résultats
% des personnes avec chaque résultat
Percentile par nombre de réponses
Votre historique - résultats
Vous n’avez pas pris ce quiz